000 00608nam a2200205 i 4500
001 C2-0267501
003 PPAK
005 20180727234706.0
008 050921s1974 nyua|||| ||||| | eng d
040 _aPPAK
_beng
_cPPAK
_erda
082 0 4 _a610.03
_223
090 0 0 _a610.03
_bNEW
_dKMN
245 0 4 _aThe New Illustrated Medical And Health Encyclopedia
_b2 Child Care Harelif
264 1 _aNew York :
_bH.S. Stuttman CO ,
_c1974
300 _a699 pages :
_bcolour illustrations ;
_c24 cm
336 _2rdacontent
_atext
337 _2rdamedia
_aunmediated
338 _2rdacarrier
_avolume
942 _ddc
_cB
999 _c76455
_d76455